LEADER 00639naa a2200145 i 4500 001 000000330317 003 CaOOAMICUS 005 20180831173637.0 008 180831n it u000 u ita u 013 $a42077 040 $aSeMil$bita 245 12$aL'interpretazione nel contesto psicoanalitico. 650 4$aPsicanalisi - Saggi.$0(OLS)http://semarc/subject/11435 773 0 $aColloquio sulla Interpretazione <1. , 1979 ; Macerata>$tInterpretazione e contesto.$dGenova : Marietti, 1980.$kPubblicazioni della Facoltà di lettere e filosofia$gp.103-116$w()167151 996 $6245$aL'interpretazione nel contesto psicoanalitico$9(OLS)http://semarc/title/418772 LEADER 00426nab a2200145 i 4500 001 000000285659 003 CaOOAMICUS 005 20180831165318.0 008 180831n xx uu u0 0und r 013 $a39204 040 $aSeMil$bita 245 10$a[SENZA TITOLO]. - 31 p. 500 $a1969/2 [Edizione inglese]. 773 0 $t[1968-1973].$dRoma : [s.n.], 1973$w()240531 996 $6245$a[SENZA TITOLO]. - 31 p.$9(OLS)http://semarc/title/354957